|
|
|
|
| LEADER |
00000nab a2200000 a 4500 |
| 001 |
vtls000556576 |
| 003 |
SK-MaSNL |
| 005 |
20260303234047.0 |
| 008 |
180331c1995 xo 0 ukr |
| 015 |
|
|
|a SNBRB19rr/mm-uuuuu
|
| 035 |
|
|
|a CL0556714
|
| 040 |
|
|
|a SNKBUCL
|b slo
|c SNKBUCL
|e AACR2
|
| 041 |
0 |
|
|a ukr
|
| 044 |
|
|
|a xo
|c SK
|
| 080 |
|
|
|a 885.0-1=83
|2 1981
|
| 100 |
1 |
|
|a Nezval, Vítězslav,
|d 1900-1958
|4 aut
|9 203046
|
| 245 |
1 |
0 |
|a Proščavaj i chustočka
|c Vítězslav Nezval ; Perekl. Hryhorij Porfyrijovyč Kočur
|
| 650 |
0 |
7 |
|a básne lyrické
|2 snkbucl
|9 403933
|
| 655 |
|
7 |
|a články z novín a časopisov
|2 snkbucl
|9 267496
|
| 655 |
|
7 |
|a články z odboru literárna veda a krásna literatúra
|2 snkbucl
|9 770045
|
| 700 |
1 |
|
|a Kočur, Hryhorij Porfyrijovyč
|4 trl
|9 997713
|
| 773 |
0 |
|
|t Duklja
|g Roč. 43, č. 2 (1995), s. 89-90
|
| 850 |
|
|
|a Slovenská národná knižnica v Martine
|a POA001
|
| 852 |
|
|
|a SNK
|b KIS3GCP
|
| 958 |
|
|
|a RK
|
| 958 |
|
|
|a CZ
|
| 958 |
|
|
|a LX
|
| 958 |
|
|
|a UA
|
| 958 |
|
|
|a NX
|
| 992 |
|
|
|a RBX
|
| 999 |
|
|
|c 2518924
|d 2520854
|